| 000 | 00733nam a2200265Ia 4500 | ||
|---|---|---|---|
| 005 | 20251020182506.0 | ||
| 008 | 200515s9999 xx 000 0 und d | ||
| 020 | _a978-92-75-11669-2 | ||
| 082 | _a628.397/O65 | ||
| 100 | _aOrganización Panamericana de la Salud | ||
| 245 | 0 | _aAgua y saneamiento : en la búsqueda de nuevos paradigmas para las Américas | |
| 260 | _aWashington, D.C. | ||
| 260 | _bMcGraw-Hill Interamericana Editores, S.A. de C.V. | ||
| 260 | _c2012 | ||
| 300 | _a284 p. | ||
| 300 | _btbl., graf. | ||
| 490 | _aBiblioteca Sede OPS | ||
| 500 | _a2 ejemplares | ||
| 650 | _aABASTECIMIENTO DE AGUA | ||
| 650 | _aAGUA | ||
| 650 | _aSANEAMIENTO | ||
| 942 | _cLIB | ||
| 999 |
_c1301 _d1301 |
||